Využitie sekvenčnej injekčnej analýzy a vnútroelektródovej coulometrickej titrácie na stanovenie niektorých škodlivín vo vodách + CD-ROM

Salvato in:
Dettagli Bibliografici
Autore principale: Laurovičová, Eva
Natura: Libro
Lingua:slovacco
Pubblicazione: Bratislava STU v Bratislave FCHPT 2005
Accesso online:Visualizza in OPAC
Tags: Aggiungi Tag
Nessun Tag, puoi essere il primo ad aggiungerne!!

MARC

LEADER 00000nam a2200000 a 4500
005 20260127134408.0
008 050615 2005 xo 000 0 slo d
035 |a vtls008160393 
039 9 |a 200506151149  |b mschk03  |y 200506151050  |z mschk03 
040 |a STUSCHK1  |b slo  |c STUSCHK1  |e AACR2 
100 1 |a Laurovičová, Eva 
245 1 |a Využitie sekvenčnej injekčnej analýzy a vnútroelektródovej coulometrickej titrácie na stanovenie niektorých škodlivín vo vodách  |b + CD-ROM 
260 |a Bratislava  |b STU v Bratislave FCHPT  |c 2005 
300 |a 61 s. 
500 |a Obháj.: 6.6. 2005 
500 |a Špec.: Analytická chémia 
910 |a SCHK95 
999 |c 11723  |d 11723